000 00720nam a2200217Ia 4500
003 GCL
008 140319s9999 xx 000 0 ara d
040 _aGCL /
_cGCL
082 0 4 _a622.42
_bع م
100 1 _aعدنان ريكان موسى
245 1 0 _aمبادئ التبريد والتكييف /
_cعدنان ريكان موسى
700 1 _aحيان عبدالغنى عبدالزهرة
250 _aالاولى
260 _aالاردن :
_bدار اليازورى العلمية للنشر والتوزيع ،
_c2005
300 _a471 ص ؛
_c24 سم
650 0 4 _aالتبريد
650 0 4 _aتكييف الهواء
650 0 4 _aالمكثفات
650 0 4 _aالمبخرات
942 _2ddc
_cBK
999 _c56465
_d56465